| 000 | 00635nam a2200229Ia 4500 | ||
|---|---|---|---|
| 003 | OSt | ||
| 005 | 20220926022754.0 | ||
| 006 | a|||||r|||| 00| 0 | ||
| 007 | ta | ||
| 008 | 220923b |||||||| |||| 00| 0 eng d | ||
| 037 | _cGeneral Book | ||
| 040 |
_aRTL _cRTL _beng |
||
| 041 |
_2eng _aeng |
||
| 082 | _aX62:8, M0 | ||
| 100 |
_aKerzner Harold _9312332 |
||
| 245 | 0 | _aProject management for bankers | |
| 260 |
_aNew York _bVan Nostrand U S A _c1980 |
||
| 300 |
_axiv, 198p. Bib p183-96, Appendix p 147-82 _ccm. |
||
| 650 | _aBank | ||
| 942 |
_hX62:8, M0 _cGB _2CC |
||
| 999 |
_c640259 _d640259 |
||